Statistics for Switzerland World Cup 2014 squad

Click here to take the quiz!

General Stats

  • This quiz has been taken 202 times
    (186 since last reset)
  • The average score is 15 of 24

Answer Stats

HintAnswer% Correct
MDXherdan ShaqiriBayern Munich
95%
GKDiego BenaglioWolfsburg
89%
MDGranit XhakaMönchengladbach
88%
DFStephan LichtsteinerJuventus
82%
MDGökhan InlerNapoli
80%
GKYann SommerFC Basel
76%
DFJohan DjourouHamburg
74%
DFRicardo RodriguezWolfsburg
71%
FWHaris SeferovicReal Sociedad
68%
MDValon BehramiNapoli
68%
DFPhilippe SenderosFC Valencia
66%
MDBlerim DzemailiNapoli
64%
FWAdmir MehmediFreiburg
59%
COACHOttmar Hitzfeld/
58%
FWJosip DrmicNuremberg
57%
GKRoman BürkiGrasshopper
55%
MDGelson FernandesFreiburg
51%
MDValentin StockerFC Basel
49%
DFSteve Von BergenYoung Boys
46%
DFFabian SchärFC Bâle
46%
MDTranquillo BarnettaEintracht Franckfort
36%
DFMichael LangGrasshopper
36%
FWMario GavranovicFC Zürich
35%
DFReto ZieglerSassuolo
32%

Score Distribution

Percentile by Number Answered

Percent of People with Each Score

Your Score History

You have not taken this quiz since the last reset